Generalidades sobre la economía Hondureña /

Na minha lista:
Detalhes bibliográficos
Autor principal: Virgilio Carías, Marcos
Formato: Texto
Assuntos:
Tags: Adicionar Tag
Sem tags, seja o primeiro a adicionar uma tag!

MARC

LEADER 00000 a a2200000 04500
001 16775
003
040
100 |a Virgilio Carías, Marcos  
245 |a Generalidades sobre la economía Hondureña /  |c Marcos Virgilio Carías 
650 |a ECONOMIA  
650 |a HONDURAS  
773 |g volumen 9, número 25; páginas 79-98  
999 |c 28735  |d 28735